000 00385nam a22001577a 4500
005 20160916095927.0
008 160916b xxu||||| |||| 00| 0 eng d
020 _a978-81-7400-230-4
041 _aeng
100 _aGarg,S.K
_93555
245 _aSewage Disposal and Air Pollution Engineering
260 _bKhanna
_c2016
300 _a1073
650 _aEngineering
_93556
942 _cBK
999 _c5244
_d5242